000 00361nam a2200145Ia 4500
008 230917s9999||||xx |||||||||||||| ||und||
040 _e152865
_aMAIN
041 _aEnglish
082 _a801.95 A46B:A
100 _aButhcer, S H
245 0 _aAristotle's theory of poetry and fine art
260 _aBhopal
_bLyall Book
_c1968
300 _a421 p.
942 _cBK
999 _c62195
_d62195